| 000 | 00762nam a2200205Ia 4500 | ||
|---|---|---|---|
| 003 | GCL | ||
| 008 | 140319s9999 xx 000 0 ara d | ||
| 040 |
_aGCL / _cGCL |
||
| 082 | 0 | 4 |
_a320.5409569 _bت م |
| 100 | 1 | _aتوفيق ابو بكر | |
| 245 | 1 | 0 |
_aمائة عام على الصهيونية شهادات على القرن / _cتوفيق ابو بكر |
| 250 | _aالاولى | ||
| 260 |
_aالقاهرة : _bمركز جنين للدراسات الاستراتيجية ، _c1997 |
||
| 300 |
_a192 ص ؛ _c24 سم |
||
| 650 | 0 | 4 | _aاسرائيل |
| 650 | 0 | 4 | _aالصهيونية |
| 650 | 0 | 4 | _aالصهيونية واليهودية |
| 650 | 0 | 4 | _aفلسطين - تاريخ - العصر الحديث - الاحتلال الصهيونى |
| 942 |
_2ddc _cBK |
||
| 999 |
_c1000 _d1000 |
||